| 000 | 00462nam a2200181Ia 4500 | ||
|---|---|---|---|
| 005 | 20260429112130.0 | ||
| 008 | 260429s9999||||xx |||||||||||||| ||und|| | ||
| 020 | _a9789362781161 | ||
| 041 | _aEnglish | ||
| 082 |
_a573 _bSHA |
||
| 100 | _aSharma, Parakram | ||
| 245 | 0 |
_aPhysical anthropology / _cParakram Sharma |
|
| 250 | _a1st ed. | ||
| 260 |
_aDelhi : _bPeridot, _c2024. |
||
| 300 | _avi, 309 p.; hb | ||
| 650 | _aAnthropology, Physical | ||
| 942 | _cTB | ||
| 999 |
_c52515 _d52515 |
||